000 02410nam a2200409 i 4500
001 ebr10837585
003 CaPaEBR
006 m o d
007 cr cn|||||||||
008 131108s2014 enka obf 001 0 eng|d
020 _z9781118503386 (Adobe PDF)
020 _z9781118503409 (pbk.)
020 _a9781118503386 (e-book)
040 _aCaPaEBR
_beng
_erda
_epn
_cCaPaEBR
035 _a(OCoLC)862929216
050 1 4 _aRJ421
_b.J64 2014eb
082 0 4 _a618.92/12
_223
100 1 _aJohnson, Walter H.,
_cJr.
245 1 0 _aPediatric cardiology :
_bthe essential pocket guide /
_cWalter H. Johnson Jr., James H. Moller.
250 _aThird edition.
264 1 _aChichester, West Sussex :
_bJohn Wiley & Sons,
_c2014.
300 _a1 online resource (402 pages) :
_billustrations
336 _atext
_2rdacontent
337 _acomputer
_2rdamedia
338 _aonline resource
_2rdacarrier
504 _aIncludes bibliographical references and index.
505 0 _aTools to diagnose cardiac conditions in children -- Environmental and genetic conditions associated with heart disease in children -- Classification and physiology of congenital heart disease in children -- Anomalies with a left-to-right shunt in children -- Conditions obstructing blood flow in children -- Congenital heart disease with a right-to-left shunt in children -- Unusual forms of congenital heart disease in children -- Unique cardiac conditions in newborn infants -- The cardiac conditions acquired during childhood -- Abnormalities of heart rate and conduction in children -- Congestive heart failure in infants and children -- A healthy life style and preventing heart disease in children.
588 _aDescription based on print version record.
590 _aElectronic reproduction. Palo Alto, Calif. : ebrary, 2015. Available via World Wide Web. Access may be limited to ebrary affiliated libraries.
650 0 _aPediatric cardiology.
650 0 _aHeart
_xDiseases.
655 0 _aElectronic books.
700 1 _aMoller, James H.,
_d1933-
776 0 8 _iPrint version:
_aJohnson, Walter H.
_tPediatric cardiology : the essential pocket guide.
_dChichester, West Sussex : John Wiley & Sons, 2014
_hviii, 392 pages
_z9781118503409
_w(DLC)10837585
797 2 _aebrary.
856 4 0 _uhttp://site.ebrary.com/lib/rucke/Doc?id=10837585
_zAn electronic book accessible through the World Wide Web; click to view
999 _c89899
_d89899